BSOP header

Biblical theology (Record no. 50946)

MARC details
000 -LEADER
fixed length control field 03917cam a22002778i 4500
001 - CONTROL NUMBER
control field 20804061
005 - DATE AND TIME OF LATEST TRANSACTION
control field 20220304143912.0
008 - FIXED-LENGTH DATA ELEMENTS--GENERAL INFORMATION
fixed length control field 190108s2019 nyu b 001 0 eng
010 ## - LIBRARY OF CONGRESS CONTROL NUMBER
LC control number 2019000710
020 ## - INTERNATIONAL STANDARD BOOK NUMBER
International Standard Book Number 9781108498784 (hardback : alk. paper)
020 ## - INTERNATIONAL STANDARD BOOK NUMBER
International Standard Book Number 9781108712682 (pbk. : alk. paper)
040 ## - CATALOGING SOURCE
Original cataloging agency DLC
Language of cataloging eng
Description conventions rda
Transcribing agency DLC
100 1# - MAIN ENTRY--PERSONAL NAME
Personal name Witherington, Ben,
Titles and other words associated with a name III,
Dates associated with a name 1951-
Relator term author.
245 10 - TITLE STATEMENT
Title Biblical theology
Medium [electronic resource] :
Remainder of title the convergence of the canon /
Statement of responsibility, etc Witherington III, Asbury Theological Seminary, Kentucky.
260 ## - PUBLICATION, DISTRIBUTION, ETC. (IMPRINT)
Place of publication, distribution, etc New York :
Name of publisher, distributor, etc Cambridge University Press,
Date of publication, distribution, etc c2019.
300 ## - PHYSICAL DESCRIPTION
Extent 1 online resource (xi, 495 pages) :
336 ## - CONTENT TYPE
Content Type Term text
Content Type Code txt
Source rdacontent
337 ## - MEDIA TYPE
Media Type Term computer
Media Type Code n
Source rdamedia
338 ## - CARRIER TYPE
Carrier Type Term online resource
Carrier Type Code nc
Source rdacarrier
504 ## - BIBLIOGRAPHY, ETC. NOTE
Bibliography, etc Includes bibliographical references and index.
505 ## - FORMATTED CONTENTS NOTE
Formatted contents note Cover; Half-title; Title page; Copyright information; Epigraph; Table of Contents; Acknowledgments; Note on the Text; Introduction; 1 A Method to the Madness; Prolegomena; A Very Brief History of Biblical Theologizing; 2 The God of the Burning Bush; The Character of the Biblical God; Exod. 3; Exod. 34.6-7; Deut. 4.32-40; The Shema and the Love Command: Deut. 6.4-5; The Holy One of Israel: Isa. 6.1-8; God as Shepherd: Ps. 23; The Omni-God: Ps. 139; The Day of Yahweh: The Day of Reckoning: Amos 5.2-27; The Parenthood of God: Hos. 11.1-11; An Ode on Creation: Ps. 8; Conclusions 3 The God of GolgothaGod as Father in Early Judaism; The Prayers and Personal Piety of Jesus; Jesus as the Son of Man; The Relationship of Father and Son Together; We Have Seen His Glory; Jesus the Sage: God's Wisdom; The God of Golgotha: The Father and Son Apart?; And So?; 4 The God of the Burning Heart; The "Spirit" in the OT; The Holy Spirit in the Synoptics; The Holy Spirit in Luke-Acts; The Spirit in the Fourth Gospel as Agent, Advocate, Counselor; The Spirit in Paul's Letters; The Spirit in the General Epistles and in Revelation; Conclusions 5 The Stars Align in Constellations: The Storied World of the Bible. Part OneIn the Beginning God ... ; Down in the Flood ... ; Then Came Abraham ... ; The Jacob Cycle (Gen. 25.1-33.7); Let My People Go ... A Plague on Both Your Houses; Passover and Passing Over (Exod. 12; 13.1-22); Theophany and Decalogue (Exod. 19-20); Word One; Word Two; Word Three; Word Four; Word Five; Word Six; Word Seven; Word Eight; Word Nine; Word Ten; The Story Continues in the Promised Land; Joshua; Judges; 1 Samuel: The Rise of the Prophet Samuel; The Rise of the Monarchy; David; Key Observation; Solomon The Elijah-Elisha Cycle (1 Kgs. 17-2 Kgs. 5)And Then ... ; 6 The Stars Align in Constellations: The Storied World of the Bible. Part Two; The Shift in the Symbolic Universe and Narrative Thought World; The Narrative Thought World of Jesus and the NT Writers; The Storied World of Jesus; The Storied World of Paul; The Christ Hymns Paul and Others Sang; The Stories Paul Knew and Told; The Narrative Thought World of the Author of Hebrews; The Narrative Thought World of Luke-Acts; The Narrative Thought World of the Wisdom Gospels; The Narrative Thought World of Mark The Narrative Thought World of 1 PeterThe Narrative Thought World of Revelation; And So?; 7 The Passion Play and its Sequels without Equal; Famous Last Words; Rising to the Occasion; The Fruit and Gifts of the Spirit; The Amplified Version: 1 John on the Further Impact of the Christ Event; And So?; 8 Covenanting and Theologizing after the Fall and before the Incarnation; The Framework; The Covenant with Noah: Gen. 9; The Covenant with Abraham; The Covenant with Moses; The Covenant with David; And So?; 9 Covenanting and Theologizing after the Incarnation and before Pentecost
630 00 - SUBJECT ADDED ENTRY--UNIFORM TITLE
Uniform title Bible
General subdivision Theology.
655 #4 - INDEX TERM--GENRE/FORM
Genre/form data or focus term Electronic books
856 ## - ELECTRONIC LOCATION AND ACCESS
Uniform Resource Identifier <a href="https://drive.google.com/file/d/1tNUJq2GWbPXNmqhY_nZDOrZrF2LUr3gq/view?usp=sharing">https://drive.google.com/file/d/1tNUJq2GWbPXNmqhY_nZDOrZrF2LUr3gq/view?usp=sharing</a>
942 ## - ADDED ENTRY ELEMENTS (KOHA)
Source of classification or shelving scheme Library of Congress Classification
Item type eBooks
Holdings
Withdrawn status Lost status Source of classification or shelving scheme Damaged status Not for loan Home library Current library Date acquired Inventory number Total Checkouts Date last seen Price effective from Koha item type
    Library of Congress Classification     BSOP Library Digital Library 05/09/2024 eB-00850   05/09/2024 05/09/2024 eBooks
BSOP

Biblical Seminary of the Philippines
  All rights Reserved
  © 2024

CONTACT INFORMATION

Biblical Seminary of the Philippines,
  77-B Karuhatan Road, Valenzuela City,
  PHILIPPINES 1441
  Phone: +632 8292-6795 / 8292-6798
  Fax : +632 8292-6675
  Email: library@bsop.edu.ph